Manager's guide to crisis management / (Record no. 4763)

000 -LEADER
fixed length control field nam a22 a 4500
003 - CONTROL NUMBER IDENTIFIER
control field AKMAL
005 - DATE AND TIME OF LATEST TRANSACTION
control field 20180913101942.0
008 - FIXED-LENGTH DATA ELEMENTS--GENERAL INFORMATION
fixed length control field 180913s2011 nyu| e | 001 0 eng d
020 ## - INTERNATIONAL STANDARD BOOK NUMBER
International Standard Book Number 9780071769495 (pbk.) :
Terms of availability RM100.10
082 04 - DEWEY DECIMAL CLASSIFICATION NUMBER
Classification number 658.4056 BER
Edition number 22
090 20 - LOCALLY ASSIGNED LC-TYPE CALL NUMBER (OCLC); LOCAL CALL NUMBER (RLIN)
Classification number (OCLC) (R) ; Classification number, CALL (RLIN) (NR) 658.4056
Local cutter number (OCLC) ; Book number/undivided call number, CALL (RLIN) BER
100 1# - MAIN ENTRY--PERSONAL NAME
Personal name Bernstein, Jonathan
Fuller form of name (Jonathan L.)
9 (RLIN) 9107
245 10 - TITLE STATEMENT
Title Manager's guide to crisis management /
Statement of responsibility, etc. Jonathan Bernstein ; with Bruce Bonafede
260 ## - PUBLICATION, DISTRIBUTION, ETC.
Place of publication, distribution, etc. New York :
Name of publisher, distributor, etc. McGraw-Hill,
Date of publication, distribution, etc. c2011
300 ## - PHYSICAL DESCRIPTION
Extent xi, 169p. ;
Dimensions 23cm.
490 1# - SERIES STATEMENT
Series statement Briefcase book
500 ## - GENERAL NOTE
General note Includes index
650 10 - SUBJECT ADDED ENTRY--TOPICAL TERM
Topical term or geographic name entry element Crisis management
9 (RLIN) 6904
700 1# - ADDED ENTRY--PERSONAL NAME
Personal name Bonafede, Bruce
9 (RLIN) 9108
830 #0 - SERIES ADDED ENTRY--UNIFORM TITLE
Uniform title Briefcase books
9 (RLIN) 9109
942 ## - ADDED ENTRY ELEMENTS (KOHA)
Source of classification or shelving scheme
Koha item type Book
Holdings
Withdrawn status Lost status Source of classification or shelving scheme Damaged status Not for loan Collection code Home library Current library Shelving location Date acquired Inventory number Total Checkouts Total Renewals Full call number Barcode Date last seen Date last checked out Price effective from Koha item type
          NON-FICTION AKMAL Melaka AKMAL Melaka PINJAMAN 13.09.2018 602766 17 2 658.4056 BER 201707741 04.12.2019 04.10.2019 13.09.2018 Book
Pusat Sumber Maklumat Dato' Haji Sarmin Md Hussin, Akademi Kastam Diraja Malaysia, Melaka
Tel: 06-2331106 | Faks: 06-2313787